Statistics for Countries with the Most Rainfall

Click here to take the quiz!

General Stats

  • This quiz has been taken 1,647 times
  • The average score is 12 of 25

Answer Stats

# mm Per Year Country % Correct
72,702Indonesia
90%
52,875Malaysia
79%
102,612Colombia
72%
82,692Panama
68%
182,348Philippines
66%
132,497Singapore
65%
42,926Costa Rica
64%
252,091Burma
60%
152,391Nicaragua
59%
92,666Bangladesh
57%
23,142Papua New Guinea
55%
192,331Suriname
54%
162,387Guyana
54%
62,722Brunei
51%
112,592Fiji
50%
222,200Trinidad and Tobago
39%
33,028Solomon Islands
38%
172,350Grenada
35%
212,301St. Lucia
34%
232,200Bhutan
31%
202,330Seychelles
30%
242,156Equatorial Guinea
28%
13,200Sao Tome and Principe
28%
142,391Liberia
19%
122,526Sierra Leone
18%

Score Distribution

Percentile by Number Answered

Percent of People with Each Score

Your Score History

You have not taken this quiz